000 00261nam a2200109Ia 4500
008 190802s9999 xx 000 0 und d
100 _aShahriq Baliyawey
245 0 _aAass Bay Aass
260 _aKarachi
_bIsra Publications
_c2008
300 _a160:p
942 _cBK
999 _c2474
_d2474